| 000 | 00622nam a22001817a 4500 | ||
|---|---|---|---|
| 005 | 20251112175437.0 | ||
| 008 | 251112b |||||||| |||| 00| 0 eng d | ||
| 020 | _a9780131111257 | ||
| 050 |
_aTK7868 .D5 _b.T62 |
||
| 100 | _aTocci, Ronald J. | ||
| 245 |
_aInstructor's Resource Manual to Accompany Digital Systems Principles and Applications _cRonald J. Tocci, Neal S. Widmer & Gregory L. Moss |
||
| 250 | _a9th ed. | ||
| 260 |
_aUpper Saddle River, New Jersey _bPearson/Prentice Hall _c2004 |
||
| 300 |
_a206p. _bill. _c27.5cm |
||
| 700 | _aWidmer, Neal S. | ||
| 700 | _aMoss, Gregory L. | ||
| 942 |
_2lcc _cBK _e9th ed. _n0 |
||
| 999 |
_c8240 _d8240 |
||